000 00440nam a2200121Ia 4500
008 220615s9999||||xx |||||||||||||| ||und||
100 _aBulut, Ergin
245 2 _aA Precarious Game
_bThe Illusion of Dream Jobs in the Video Game Industry
546 _aEnglish[eng]
650 _aBusiness & Economics||Labor||Social Science||Sociology
856 _uhttps://library.oapen.org/bitstream/20.500.12657/51061/1/external_content.epub
942 _cEB
999 _c12499
_d12499